书目信息 |
| 题名: |
突发事件的预防与应对
|
|
| 作者: | 秦启文 , 陆林 , 周永康 著 | |
| 分册: | ||
| 出版信息: | 北京 新华出版社 2008.04 |
|
| 页数: | 384页 | |
| 开本: | 23cm | |
| 丛书名: | ||
| 单 册: | ||
| 中图分类: | X4 | |
| 科图分类: | ||
| 主题词: | 紧急事件--jin ji shi jian--预防 , 紧急事件--jin ji shi jian--处理 | |
| 电子资源: | ||
| ISBN: | 978-7-5011-8320-3 | |
| 000 | 00975nam0 2200277 450 | |
| 001 | 012008318273 | |
| 005 | 20080626155419.96 | |
| 010 | @a978-7-5011-8320-3@dCNY48.00 | |
| 100 | @a20080625d2008 em y0chi0120 ea | |
| 101 | 0 | @achi |
| 102 | @aCN@b110000 | |
| 105 | @ay a 000yy | |
| 106 | @ar | |
| 200 | 1 | @a突发事件的预防与应对@Atu fa shi jian de yu fang yu ying dui@f秦启文 ... [等] 著@Fqin qi wen...[deng]zhu |
| 210 | @a北京@c新华出版社@d2008.04 | |
| 215 | @a384页@d23cm | |
| 304 | @a题名页题 : 秦启文, 陆林, 周永康, 陈红等著 | |
| 330 | @a本书内容包括:突发事件概述、突发事件的消极影响及其预防与应对的价值、突发事件的预防、突发事件的处置与应对、突发事件的善后与利用等。 | |
| 606 | 0 | @a紧急事件@Ajin ji shi jian@x预防 |
| 606 | 0 | @a紧急事件@Ajin ji shi jian@x处理 |
| 690 | @aX4@v4 | |
| 701 | 0 | @a秦启文@Aqin qi wen@4著 |
| 701 | 0 | @a陆林@Alu lin@4著 |
| 701 | 0 | @a周永康@Azhou yong kang@4著 |
| 801 | 0 | @aCN@bQSSK@c20080626 |
| 905 | @b728905-07@dX4@eQ427@f3 | |
| 突发事件的预防与应对/秦启文 ... [等] 著.-北京:新华出版社,2008.04 |
| 384页;23cm |
| ISBN 978-7-5011-8320-3:CNY48.00 |
| 本书内容包括:突发事件概述、突发事件的消极影响及其预防与应对的价值、突发事件的预防、突发事件的处置与应对、突发事件的善后与利用等。 |
| ● |
| 相关链接 |
|
|
|
正题名:突发事件的预防与应对
索取号:X4/Q427
 
预约/预借
| 序号 | 登录号 | 条形码 | 馆藏地/架位号 | 状态 | 备注 |
| 1 | 728905 | 207289058 | 自科库501/501自科库 67排4列4层/ [索取号:X4/Q427] | 在馆 | |
| 2 | 728906 | 207289067 | 自科库501/501自科库 67排4列4层/ [索取号:X4/Q427] | 在馆 | |
| 3 | 728907 | 207289076 | 自科库501/501自科库 67排4列4层/ [索取号:X4/Q427] | 在馆 |